000
00229nam a22001097a 4500
999
_c
533597
_d
533597
040
_c
dlc
082
_a
333.91
100
_a
Clive Agnew
_9
27553
245
_a
Water Resources and Development
300
_a
343p
942
_2
ddc
_c
BK